A people's history of the United States Connecting with the past

A People's History of the United States is the only volume to tell America's story from the point of view of—and in the words of—America's women, factory workers, African-Americans, Native Americans, the working poor, and immigrant laborers. As historian Howard Zinn shows, many of our...

詳細記述

保存先:
書誌詳細
第一著者: Zinn, Howard
フォーマット: 図書
言語:Undetermined
出版事項: New York Harper Perennial 2015
主題:
タグ: タグ追加
タグなし, このレコードへの初めてのタグを付けませんか!
Thư viện lưu trữ: Trung tâm Học liệu Trường Đại học Cần Thơ
LEADER 01140nam a2200229Ia 4500
001 CTU_230378
008 210402s9999 xx 000 0 und d
082 |a 973 
082 |b Z78 
100 |a Zinn, Howard 
245 2 |a A people's history of the United States 
245 0 |b Connecting with the past 
245 0 |c Howard Zinn. 
260 |a New York 
260 |b Harper Perennial 
260 |c 2015 
520 |a A People's History of the United States is the only volume to tell America's story from the point of view of—and in the words of—America's women, factory workers, African-Americans, Native Americans, the working poor, and immigrant laborers. As historian Howard Zinn shows, many of our country's greatest battles—the fights for a fair wage, an eight-hour workday, child-labor laws, health and safety standards, universal suffrage, women's rights, racial equality—were carried out at the grassroots level, against bloody resistance. 
650 |a United States,Hoa Kỳ 
650 |x History,Lịch sử 
904 |i Hải 
910 |a Tuyến 
980 |a Trung tâm Học liệu Trường Đại học Cần Thơ